|
|
|
|
| LEADER |
00000nam1a2200000 4500 |
| 001 |
174631 |
| 005 |
20231031164858.0 |
| 035 |
|
|
|a (RuTPU)RU\TPU\book\189362
|
| 090 |
|
|
|a 174631
|
| 100 |
|
|
|a 20100201d1938 m y0rusy50 ca
|
| 101 |
0 |
|
|a rus
|
| 102 |
|
|
|a RU
|
| 200 |
1 |
|
|a Разведочное дело
|e учебник
|e [в 4 ч.]
|f Московский геологоразведочный институт (МГРИ)
|
| 210 |
|
|
|a Москва
|a Ленинград
|c ГОНТИ НКТП
|d 1938-
|
| 712 |
0 |
2 |
|a Московский геологоразведочный институт (МГРИ)
|c (1930-1992)
|2 stltpush
|3 (RuTPU)RU\TPU\col\11261
|
| 801 |
|
1 |
|a RU
|b 63413507
|c 20100201
|
| 801 |
|
2 |
|a RU
|b 63413507
|c 20130204
|g RCR
|
| 942 |
|
|
|c BK
|